banner koha

Estudo comparativo da digestibilidade de leguminosa nativa com caprinos e ovinos do sertao cearense. 2: digestibilidade in vivo do feno de mata-pasto (Registro n. 138168)

MARC details
000 -LÍDER
campo de controle de tamanho fixo 01134nas a2200325 4500
001 - NÚMERO DE CONTROLE
campo de controle BR9210702
003 - IDENTIFICADOR DO NÚMERO DE CONTROLE
campo de controle BR-BrBNA
005 - DATA E HORÁRIO DA ÚLTIMA TRANSAÇÃO
campo de controle 20231205093420.0
007 - CAMPO FIXO DE DESCRIÇÃO FÍSICA--INFORMAÇÃO GERAL
campo de controle de tamanho fixo ta
008 - CAMPO DE DADOS FIXOS--INFORMAÇÃO GERAL
campo de controle de tamanho fixo 230509b bl.|||p| |||| 00| 00por d
040 ## - FONTE DA CATALOGAÇÃO
Instituição da catalogação original BR-BrBNA
Idioma da catalogação por
Instituição que transcreveu o registro Biblioteca Nacional de Agricultura
041 ## - CÓDIGO DE IDIOMA
Código do idioma do texto/trilha sonora ou título diferente (Pt)
072 ## - CÓDIGO DE CATEGORIA DE ASSUNTO
Código de Categoria de Assunto L53
100 1# - ENTRADA PRINCIPAL--NOME PESSOAL
Nome pessoal Barros, N.N.
100 1# - ENTRADA PRINCIPAL--NOME PESSOAL
Nome pessoal Freire, L.C.L.
100 1# - ENTRADA PRINCIPAL--NOME PESSOAL
Nome pessoal Lopes, E.A.
100 1# - ENTRADA PRINCIPAL--NOME PESSOAL
Nome pessoal Kawas, J.
100 1# - ENTRADA PRINCIPAL--NOME PESSOAL
Nome pessoal Johnson, W.L.
245 1# - TÍTULO
Título Estudo comparativo da digestibilidade de leguminosa nativa com caprinos e ovinos do sertao cearense. 2: digestibilidade in vivo do feno de mata-pasto
246 1# - FORMA VARIANTE DO TÍTULO
Título/título abreviado Comparative study of digestibility of native legumes with sheeps and goats in the sertao of Ceara. 2: in vivo digestibility of mata-pasto hay
650 ## - ASSUNTO--TERMO TÓPICO
Cabeçalho tópico ou nome geográfico OVINO
650 ## - ASSUNTO--TERMO TÓPICO
Cabeçalho tópico ou nome geográfico CAPRINO
650 ## - ASSUNTO--TERMO TÓPICO
Cabeçalho tópico ou nome geográfico LEGUMINOSA FORRAGEIRA
650 ## - ASSUNTO--TERMO TÓPICO
Cabeçalho tópico ou nome geográfico FENO
650 ## - ASSUNTO--TERMO TÓPICO
Cabeçalho tópico ou nome geográfico DIGESTIBILIDADE
650 ## - ASSUNTO--TERMO TÓPICO
Cabeçalho tópico ou nome geográfico VALOR NUTRITIVO
773 0# - ENTRADA ANALÍTICA
Título Pesquisa Agropecuaria Brasileira (Brazil)
ISSN - International Standard Serial Number ISSN 0100-204X
Partes relacionadas (Aug 1991), v. 26(8) p. 1215-1218
Número de controle do registro BR9210702
909 ## -
-- 202311
-- Lúcia
-- 55
-- Lúcia Elande
942 ## - ELEMENTOS DE ENTRADA ADICIONADOS (KOHA)
Fonte da classificação ou esquema de arquivamento na estante Classificação AGRIS
Ocultar no OPAC Não
Tipo de material Koha Analítica
Exemplares
Situação do descarte Fonte da classificação ou esquema de arquivamento na estante Situação física Não pode ser emprestado Biblioteca de origem Biblioteca atual Localização na estante Enumeração do periódico / cronologia Total de empréstimos Data de último acesso Número do exemplar Tipo de material Koha Fonte de aquisição
  Classificação AGRIS   Consulta local Biblioteca Nacional de Agricultura - Binagri Biblioteca Nacional de Agricultura - Binagri   (Aug 1991), v. 26(8) p. 1215-1218   29/11/2023 01 Periódicos Portaria Interministerial nº 164/94

BINAGRI

Telefone: (61)3218-2567/2388/3357/2097 - binagri@agro.gov.br

Ministério da Agricultura e Pecuária , Esplanada dos Ministérios, Bloco D, Anexo B, Brasília/DF, CEP: 70.043-900